| 000 | 00976cam a2200313 4500 | ||
|---|---|---|---|
| 001 | D15468 | ||
| 008 | 090401t1982 xxu||||| |||| 00| 0 eng d | ||
| 035 | _a(Sirsi) u23039 | ||
| 041 | _aeng | ||
| 050 |
_a331.2166 _c18 |
||
| 090 | _aRICS 1982/23ABC | ||
| 110 |
_aRoyal Institution of Chartered Surveyors _94900 |
||
| 245 | _aGuide to the scales of professional charges for quantity surveying services | ||
| 245 | _aScales of Professional Charges for Quantity Surveying Services | ||
| 260 |
_aLondon _bSurveyors Publications _c1982 |
||
| 300 |
_a22p. _c21cm. |
||
| 490 | _aRICS Guidance Note | ||
| 520 | _aSuperseded by second edition (D15467). | ||
| 520 | _aWithdrawn 1 August 2006 | ||
| 650 | _aFEE SCALES | ||
| 650 | _aPROFESSIONAL CHARGES | ||
| 650 | _aPROFESSIONAL FEES | ||
| 650 | _aQUANTITY SURVEYORS' FEES | ||
| 651 |
_aUnited Kingdom _y |
||
| 690 |
_aQuantity surveying _96263 |
||
| 690 | _aBUILT ENVIRONMENT | ||
| 942 | _n0 | ||
| 948 | _c04/03/1997 | ||
| 999 |
_c88306 _d88306 |
||